[Event "Druzynowe Mistrzostwa Polski Juniorow 2019 - II Liga"]
[Site "Szczyrk"]
[Date "1899-12-30"]
[Round "3.37"]
[White "Zabron, Maksym"]
[Black "Trybus, Daniel"]
[Result "1/2-1/2"]
[WhiteTitle "I+"]
[BlackTitle "I++"]
[WhiteElo "1739"]
[BlackElo "1957"]

1. d4 Nf6 2. c4 g6 3. Nc3 Bg7 4. e4 d6 5. Be2 O-O 6. Bg5 Qe8 7. Qd2 e5 8. d5 Na6
9. f3 Nh5 10. g4 Nf4 11. O-O-O f5 12. gxf5 gxf5 13. h4 Nc5 14. Bxf4 exf4 15. Bd3
a6 16. Nh3 b5 17. cxb5 axb5 18. Bxb5 Qe7 19. Qc2 fxe4 20. fxe4 Bg4 21. Rdg1 Bf3
22. Rh2 Nxe4 23. Nxe4 Qxe4 24. Qxe4 Bxe4 25. Bc4 Kh8 26. Ng5 Bd4 27. Re1 Be3+
28. Rxe3 fxe3 29. Nxe4 Rf4 30. Bd3 Re8 31. Nc3 Kg7 32. Be2 Kf6 33. Rh1 Ke5 34.
h5 Rg8 35. Kc2 Rd4 36. Rd1 1/2-1/2

[Event "Druzynowe Mistrzostwa Polski Juniorow 2019 - II Liga"]
[Site "Szczyrk"]
[Date "1899-12-30"]
[Round "3.38"]
[White "Lendzion, Kamil"]
[Black "Kozubek, Krystian"]
[Result "1-0"]
[WhiteTitle "I"]
[BlackTitle "II+"]
[WhiteElo "1795"]
[BlackElo "1443"]

1. e4 c6 2. d4 d5 3. Nc3 dxe4 4. Nxe4 Bf5 5. Ng3 Bg6 6. h4 h6 7. h5 Bh7 8. Nf3
e6 9. Bd3 Bxd3 10. Qxd3 Nd7 11. Bd2 Qc7 12. O-O-O Ngf6 13. Ne4 O-O-O 14. Kb1 Nc5
15. Nxc5 Bxc5 16. Qc4 Bd6 17. g3 Rhe8 18. Be3 Nd5 19. Qe2 Kb8 20. c4 Nxe3 21.
Qxe3 c5 22. Qe2 cxd4 23. Nxd4 Be5 24. Nb5 Qc5 25. a3 Bf6 26. b4 Qb6 27. Qe3 Qxe3
28. fxe3 Be5 29. g4 a6 30. Nd4 Kc7 31. Kc2 b6 32. Rhf1 Re7 33. Rxf7 Rxf7 34. Nxe6+
Kb8 35. Rxd8+ Kb7 36. Kd3 Bc7 37. Rg8 Rd7+ 38. Nd4 Bd6 39. Re8 a5 40. Kc3 axb4+
41. axb4 Be7 42. e4 Bxb4+ 43. Kxb4 Rxd4 44. Kb5 Rd6 45. Re7+ Kc8 46. c5 bxc5 47.
Kxc5 Ra6 48. Rxg7 Ra5+ 49. Kd6 1-0

[Event "Druzynowe Mistrzostwa Polski Juniorow 2019 - II Liga"]
[Site "Szczyrk"]
[Date "1899-12-30"]
[Round "3.39"]
[White "Gradalski, Olaf"]
[Black "Pazdzierz, Piotr"]
[Result "1-0"]
[WhiteTitle "II"]
[BlackTitle "I"]
[WhiteElo "1442"]
[BlackElo "1722"]

1. e4 e6 2. d4 d5 3. e5 c5 4. dxc5 Bxc5 5. Qg4 g6 6. Bd3 Qb6 7. Qe2 Nc6 8. c3 a5
9. Nf3 h6 10. h4 Nge7 11. O-O a4 12. Bf4 Bd7 13. Qd2 Ng8 14. Qc2 Kd8 15. Na3 Na5
16. Qe2 Rc8 17. Nb5 Nc4 18. Bxc4 dxc4 19. Nd6 Bxd6 20. exd6 f6 21. Qe4 g5 22.
Qg6 gxf4 23. Qg7 Qxd6 24. Qxh8 Qf8 25. Qh7 f5 26. Qh8 Ke7 27. Qe5 Nf6 28. Rad1
Ne4 29. Qd4 Bb5 30. Qb6 Ba6 31. Ne5 Ke8 32. Qxe6+ 1-0

[Event "Druzynowe Mistrzostwa Polski Juniorow 2019 - II Liga"]
[Site "Szczyrk"]
[Date "1899-12-30"]
[Round "3.40"]
[White "Mocko, Maciej"]
[Black "Raba, Bartosz"]
[Result "1-0"]
[WhiteTitle "II"]
[BlackTitle "II"]
[WhiteElo "1385"]
[BlackElo "1373"]

1. Nf3 Nc6 2. g3 d5 3. Bg2 Nf6 4. d3 e5 5. O-O Bc5 6. Nbd2 O-O 7. Nb3 Bb6 8. a4
a6 9. a5 Ba7 10. Bg5 h6 11. Bxf6 Qxf6 12. Nfd2 Be6 13. e4 dxe4 14. Nxe4 Qe7 15.
Nbd2 Rad8 16. Kh1 Qd7 17. f4 Bh3 18. Qh5 Bg4 19. Qh4 Ne7 20. fxe5 Ng6 21. Nf6+
gxf6 22. Qxh6 Nxe5 23. Ne4 Qe6 24. Nxf6+ Qxf6 25. Rxf6 Ng6 26. Be4 Rfe8 27. Rxg6+
fxg6 28. Qxg6+ Kf8 29. Rf1+ Ke7 30. Qg5+ Kd6 31. Qd5+ 1-0

[Event "Druzynowe Mistrzostwa Polski Juniorow 2019 - II Liga"]
[Site "Szczyrk"]
[Date "1899-12-30"]
[Round "3.41"]
[White "Gredka, Dominika"]
[Black "Zarebska, Lena"]
[Result "1-0"]
[WhiteTitle "I++"]
[BlackTitle "I++"]
[WhiteElo "1658"]
[BlackElo "1773"]

1. e4 c5 2. Nf3 Nc6 3. c3 d5 4. exd5 Qxd5 5. d4 Nf6 6. Be2 Bf5 7. O-O cxd4 8. cxd4
Bxb1 9. Rxb1 e6 10. a3 Be7 11. b4 O-O 12. Bb2 Rac8 13. Rc1 Rfd8 14. Bc4 Qh5 15.
Qb3 Bd6 16. h3 Ne7 17. Be2 Ned5 18. Rxc8 Rxc8 19. Rc1 Rd8 20. Bc4 Nf4 21. Bf1
Qg6 22. Kh1 Ne4 23. Qe3 Nd5 24. Qe1 Ng5 25. Ne5 Qe4 26. Qxe4 Nxe4 27. Kg1 f6 28.
Nc4 Bf4 29. Re1 Nd6 30. Rxe6 Nf5 31. g3 Bc7 32. Re1 Nb6 33. Rd1 Kf8 34. Na5 Rb8
35. Bg2 Nd6 36. Rc1 Bd8 37. Rc2 Nbc8 38. Nxb7 Nxb7 39. Bxb7 Rxb7 40. Rxc8 Ke7
41. Rc2 Bb6 42. Kf1 Rd7 43. Rd2 Ke6 44. Ke2 Kd5 45. Kd3 Re7 46. a4 a5 47. b5 Rc7
48. Rc2 Rxc2 49. Kxc2 Kc4 50. Bc3 g6 51. f3 f5 52. d5 Kxd5 53. Kd3 Bd8 54. Bd4
h6 55. Be3 g5 56. f4 g4 57. hxg4 fxg4 58. b6 Kc6 59. f5 h5 60. Ke4 Bf6 61. Bd4
h4 62. gxh4 Bxh4 63. Kf4 g3 64. Kg4 Be7 65. Kxg3 Bd6+ 66. Kg4 Kd5 67. Bf2 Kc4
68. Bg3 Bc5 69. b7 1-0

[Event "Druzynowe Mistrzostwa Polski Juniorow 2019 - II Liga"]
[Site "Szczyrk"]
[Date "1899-12-30"]
[Round "3.42"]
[White "Anyz, Monika"]
[Black "Wiecek, Karolina"]
[Result "1/2-1/2"]
[WhiteTitle "I+"]
[BlackTitle "II+"]
[WhiteElo "1404"]
[BlackElo "1189"]

1. e4 e5 2. Nf3 Nf6 3. Nxe5 d6 4. Nf3 Nxe4 5. d4 d5 6. Bd3 Nf6 7. O-O Be7 8. Nc3
Nc6 9. Bf4 a6 10. Qd2 Bg4 11. Be2 O-O 12. Rad1 Re8 13. Ne5 Bxe2 14. Nxe2 Bd6 15.
Nxc6 bxc6 16. Bg5 h6 17. Bh4 Re4 18. Bg3 Bxg3 19. Nxg3 Re8 20. Rfe1 Qd7 21. Qc3
g6 22. Qf3 Qd6 23. h3 Kg7 24. a3 c5 25. Ne2 c4 26. Ng3 Rxe1+ 27. Rxe1 Re8 28.
Rxe8 Nxe8 29. h4 Nf6 30. h5 Qe6 31. hxg6 fxg6 32. Qf4 Qe1+ 33. Kh2 Qe7 34. Qf3
Qe6 35. Kg1 Qe1+ 36. Nf1 Qe6 37. Qg3 Qe7 38. Ne3 Qd7 39. Qe5 c6 40. f3 Kf7 41.
Kf2 Qb7 42. Qf4 Kg7 43. Ng4 Nxg4+ 44. Qxg4 Qxb2 45. Qd7+ Kg8 46. Qe8+ Kg7 47.
Qd7+ Kg8 48. Qe8+ Kg7 49. Qe5+ 1/2-1/2

[Event "Druzynowe Mistrzostwa Polski Juniorow 2019 - II Liga"]
[Site "Szczyrk"]
[Date "1899-12-30"]
[Round "3.43"]
[White "Lichorad, Mateusz"]
[Black "Strzelecki, Maciej"]
[Result "0-1"]
[WhiteTitle "I"]
[BlackTitle "k"]
[WhiteElo "1801"]
[BlackElo "1955"]

1. e4 c5 2. Nf3 d6 3. d4 cxd4 4. Nxd4 Nf6 5. Nc3 a6 6. Bg5 e6 7. f4 h6 8. Bh4 Qb6
9. a3 Be7 10. Bf2 Qc7 11. Bd3 Nbd7 12. O-O b5 13. Qe2 Bb7 14. Kh1 Nc5 15. Rae1
O-O 16. Bg3 Qb6 17. Nb3 Nfd7 18. Bf2 Qc7 19. Nxc5 Nxc5 20. Bd4 e5 21. Be3 exf4
22. Bxf4 Bf6 23. Nd1 Be5 24. Bxe5 dxe5 25. Nf2 Bc8 26. Qd2 Be6 27. Re3 Rac8 28.
Rg3 Kh7 29. Be2 f5 30. exf5 Bxf5 31. c4 bxc4 32. Bxc4 Ne4 33. Nxe4 Qxc4 34. Rgf3
Qxe4 0-1

[Event "Druzynowe Mistrzostwa Polski Juniorow 2019 - II Liga"]
[Site "Szczyrk"]
[Date "1899-12-30"]
[Round "3.44"]
[White "Guzik, Natalia"]
[Black "Kupiecki, Szymon"]
[Result "0-1"]
[WhiteTitle "I++"]
[BlackTitle "I"]
[WhiteElo "1638"]
[BlackElo "1573"]

1. e4 e5 2. Nf3 Nc6 3. Bc4 Bc5 4. d3 Nf6 5. O-O d6 6. c3 a6 7. Bb3 Ba7 8. Re1 h6
9. a3 g5 10. Nbd2 g4 11. Nh4 Nxe4 12. Nxe4 Qxh4 13. d4 f5 14. Ng3 Bd7 15. dxe5
Nxe5 16. Bf4 O-O-O 17. Bxe5 dxe5 18. Rxe5 f4 19. Rh5 Bxf2+ 20. Kh1 Qe7 21. Qe2
Qxe2 22. Nxe2 f3 23. gxf3 gxf3 24. Nf4 Rde8 25. Ng6 Rh7 26. Ne5 Rhe7 27. Nd3 Be3
28. h3 Bg5 29. Bd5 Re3 30. Nc5 Re1+ 0-1

[Event "Druzynowe Mistrzostwa Polski Juniorow 2019 - II Liga"]
[Site "Szczyrk"]
[Date "1899-12-30"]
[Round "3.45"]
[White "Krawczyk, Flawian"]
[Black "Wojtasik, Szymon"]
[Result "1-0"]
[WhiteTitle "I"]
[BlackTitle "II"]
[WhiteElo "1848"]
[BlackElo "1511"]

1. e4 e5 2. Nf3 Nc6 3. Bb5 a6 4. Ba4 Nge7 5. O-O g6 6. d4 exd4 7. Nxd4 Bg7 8. Be3
b5 9. Bb3 Na5 10. c3 Nxb3 11. Nxb3 Nc6 12. Qd2 Ne5 13. Na3 O-O 14. f4 Ng4 15.
Bd4 Re8 16. Bxg7 Kxg7 17. h3 Nf6 18. e5 Ng8 19. Rad1 f6 20. Qd5 Rb8 21. Nc5 c6
22. Qd6 Qb6 23. Kh1 fxe5 24. fxe5 Re7 25. Rf6 Ra8 26. Rdf1 Qb8 27. Rf8 Qxd6 28.
exd6 Re5 29. R1f7+ Kh8 30. Nxd7 Re1+ 31. Kh2 Bxd7 32. Rxa8 Be6 33. Re7 b4 34.
cxb4 a5 35. bxa5 1-0

[Event "Druzynowe Mistrzostwa Polski Juniorow 2019 - II Liga"]
[Site "Szczyrk"]
[Date "1899-12-30"]
[Round "3.46"]
[White "Chrobot, Tomasz"]
[Black "Chmiel, Pawel"]
[Result "0-1"]
[WhiteTitle "III"]
[BlackTitle "II"]
[WhiteElo "1246"]
[BlackElo "1367"]

1. e4 e5 2. Nf3 Nc6 3. Bc4 Bc5 4. d3 Nf6 5. O-O d6 6. Be3 Bb6 7. c3 Bg4 8. Nbd2
h6 9. Bb3 O-O 10. Bc2 Re8 11. Qb1 d5 12. Bxb6 axb6 13. exd5 Nxd5 14. h3 Bxf3 15.
Nxf3 Nf4 16. Qc1 Ne2+ 0-1

[Event "Druzynowe Mistrzostwa Polski Juniorow 2019 - II Liga"]
[Site "Szczyrk"]
[Date "1899-12-30"]
[Round "3.47"]
[White "Kulpa, Zuzanna"]
[Black "Matyjasek, Michalina"]
[Result "1-0"]
[WhiteTitle "I++"]
[BlackTitle "I"]
[WhiteElo "1802"]
[BlackElo "1323"]

1. e4 c5 2. Nf3 Nc6 3. Bb5 e6 4. O-O g6 5. Bxc6 bxc6 6. d3 d6 7. Nc3 Bg7 8. Be3
Ne7 9. Qd2 O-O 10. e5 Nf5 11. Ne4 Rb8 12. Rab1 Nxe3 13. Qxe3 dxe5 14. Qxc5 Qb6
15. Rfe1 Qxc5 16. Nxc5 e4 17. Rxe4 Bxb2 18. Ra4 Be5 19. Nb3 Bc7 20. Rxa7 Bb6 21.
Ra4 Bd7 22. Ne5 Rfd8 23. Kf1 Be8 24. Ra6 Rd5 25. Nc4 Bc7 26. Ra7 Bf4 27. g3 Bg5
28. Re1 Bf6 29. a4 Bc3 30. Re2 Rdd8 31. Re4 Ra8 32. Rxa8 Rxa8 33. Nd6 Bd7 34.
Nc5 Bc8 35. Rc4 Ba5 36. Nxc8 Rxc8 37. Nb3 Bb6 38. a5 Ba7 39. Ke2 Kf8 40. Rb4 Rc7
41. a6 Ke7 42. Kd2 Kd8 43. d4 Ke7 44. Kd3 Kd6 45. Na5 Kd7 46. Nc4 Ke7 47. Rb7
Rxb7 48. axb7 Kd8 49. Ne5 Kc7 50. Nxf7 Kxb7 51. Ng5 h6 52. Nxe6 Bb8 53. Ke4 Bd6
54. Nd8+ Kc7 55. Nf7 Bf8 56. Ne5 g5 57. Kf5 Kd6 58. c4 Kc7 59. Kg6 Kd6 60. Nf7+
Ke6 61. Nxh6 Bxh6 62. Kxh6 Kf5 63. f3 g4 64. fxg4+ Kxg4 65. d5 cxd5 66. cxd5 Kf5
67. g4+ Ke5 68. g5 Kxd5 69. g6 Ke4 70. g7 1-0

[Event "Druzynowe Mistrzostwa Polski Juniorow 2019 - II Liga"]
[Site "Szczyrk"]
[Date "1899-12-30"]
[Round "3.48"]
[White "Zajac, Aleksandra"]
[Black "Kulpa, Karolina"]
[Result "1/2-1/2"]
[WhiteTitle "II"]
[BlackTitle "I"]
[WhiteElo "1136"]
[BlackElo "1273"]

1. e4 c5 2. Nc3 Nc6 3. g3 g6 4. Bg2 Bg7 5. d3 d6 6. Be3 e6 7. Qd2 Nd4 8. O-O-O
Qc7 9. h4 h5 10. Nf3 Bd7 11. Rdg1 O-O-O 12. Ng5 Nh6 13. Rf1 Rdf8 14. Kb1 Ng4 15.
Nh3 Ne5 16. Ng1 Kb8 17. f4 Ng4 18. Re1 Nxe3 19. Rxe3 Nc6 20. Re1 Qa5 21. Nge2
Nd4 22. Nc1 Qb6 23. N1e2 Rc8 24. Rhf1 c4 25. Nxd4 Bxd4 26. Rf3 Rc7 27. Ref1 Rhc8
28. Kc1 Qa5 29. a3 cxd3 30. Rxd3 Bxc3 31. Rxc3 Rxc3 32. bxc3 Qxc3 33. Qxc3 Rxc3
34. Rf3 Rxf3 35. Bxf3 Kc7 36. Kd2 Kb6 37. Kc3 Kc5 38. g4 hxg4 39. Bxg4 b5 40.
f5 a5 41. h5 gxh5 42. Bxh5 exf5 43. exf5 Bxf5 44. Bxf7 d5 45. Be8 d4+ 46. Kd2
Be6 47. Bg6 b4 48. axb4+ axb4 49. Kc1 Kc4 50. Kb2 Kc5 51. Kc1 b3 52. cxb3 Bxb3
53. Kd2 Bc4 54. Bh7 Kd6 55. Bg6 Ke6 56. Bh7 Ke5 57. Bg6 Be6 58. Bd3 Bf5 59. Bb5
Kd5 60. Ba6 Kc5 61. Be2 Kd5 62. Bb5 Ke4 63. Ba6 1/2-1/2

[Event "Druzynowe Mistrzostwa Polski Juniorow 2019 - II Liga"]
[Site "Szczyrk"]
[Date "1899-12-30"]
[Round "3.49"]
[White "Burzak, Wojciech"]
[Black "Twardowski, Hubert"]
[Result "0-1"]
[WhiteTitle "I"]
[BlackTitle "I"]
[WhiteElo "1705"]
[BlackElo "1830"]

1. e4 c6 2. Nf3 d5 3. exd5 cxd5 4. Ne5 Nf6 5. d4 e6 6. Bb5+ Nbd7 7. O-O Be7 8.
Nd2 O-O 9. Ndf3 Ne4 10. c3 Nxe5 11. Nxe5 f6 12. Nf3 Bd7 13. Bd3 f5 14. Ne5 Bf6
15. f3 Nd6 16. Re1 Nf7 17. Qe2 Nxe5 18. dxe5 Be7 19. Be3 f4 20. Bd4 Bh4 21. Red1
Bc6 22. Qc2 h6 23. Qd2 Qe8 24. Bb1 Bb5 25. Qc2 Rf5 26. Qb3 Ba4 27. Qb4 Bxd1 28.
Bxf5 Bxf3 29. gxf3 exf5 30. Qxb7 Rd8 31. Qa6 Qh5 32. Qe2 Re8 33. Qg2 Re6 34. Kh1
g5 35. h3 Bg3 36. Kg1 Kf7 37. Bf2 Bxf2+ 38. Kxf2 Rxe5 39. Re1 Qh4+ 0-1

[Event "Druzynowe Mistrzostwa Polski Juniorow 2019 - II Liga"]
[Site "Szczyrk"]
[Date "1899-12-30"]
[Round "3.50"]
[White "Sulima, Franciszek"]
[Black "Skowron, Mateusz"]
[Result "1/2-1/2"]
[WhiteTitle "II"]
[BlackTitle "I"]
[WhiteElo "1357"]
[BlackElo "1594"]

1. e4 c6 2. d4 d5 3. exd5 cxd5 4. c4 Nf6 5. Nc3 e6 6. Nf3 Be7 7. c5 O-O 8. b4 Ne4
9. Qc2 f5 10. Be2 Bf6 11. Be3 b6 12. Rb1 a5 13. cxb6 Qxb6 14. b5 Nxc3 15. Qxc3
Bb7 16. a4 Rc8 17. Qb2 Nd7 18. Ne5 Qd6 19. Nxd7 Qxd7 20. f4 Rc7 21. Kf2 Qd6 22.
Rhc1 Rac8 23. Bd3 Qb6 24. Ke2 h6 25. Kd2 Be7 26. Rxc7 Rxc7 27. Rc1 Bd6 28. g3
Kf7 29. Rxc7+ Bxc7 30. Qc2 Bd6 31. Ke2 Be7 32. Qc1 1/2-1/2

[Event "Druzynowe Mistrzostwa Polski Juniorow 2019 - II Liga"]
[Site "Szczyrk"]
[Date "1899-12-30"]
[Round "3.51"]
[White "Celebias, Filip"]
[Black "Trzebinski, Patryk"]
[Result "0-1"]
[WhiteTitle "II"]
[BlackTitle "I"]
[WhiteElo "1380"]
[BlackElo "1679"]

1. e4 d5 2. exd5 Nf6 3. Bb5+ Bd7 4. Bc4 b5 5. Bb3 Bc8 6. Nf3 Bb7 7. d4 Nxd5 8.
O-O e6 9. Bg5 Be7 10. Bxe7 Qxe7 11. c3 O-O 12. Bc2 Nd7 13. Re1 Rfd8 14. Qd3 N5f6
15. Qxb5 Bxf3 16. gxf3 Rab8 17. Qe2 Nd5 18. Kh1 Nf4 19. Qe4 Qh4 20. Na3 Nf6 21.
Qe5 Rd5 22. Qxc7 Rf8 23. Re5 Qxf2 24. Rg1 Qxf3+ 25. Rg2 Qxg2# 0-1

[Event "Druzynowe Mistrzostwa Polski Juniorow 2019 - II Liga"]
[Site "Szczyrk"]
[Date "1899-12-30"]
[Round "3.52"]
[White "Malinowski, Szymon"]
[Black "Grodzicki, Piotr"]
[Result "1-0"]
[WhiteTitle "I"]
[BlackTitle "II"]
[WhiteElo "1657"]
[BlackElo "1204"]

1. d4 d6 2. e4 Nf6 3. Bd3 e5 4. c3 Be7 5. f4 Nbd7 6. Nf3 exd4 7. cxd4 O-O 8. O-O
c6 9. Nc3 Nb6 10. Bc2 Re8 11. Qd3 g6 12. h3 Bf8 13. Ng5 d5 14. e5 Bf5 15. Qd1
Bxc2 16. Qxc2 Nfd7 17. f5 Re7 18. Nxh7 Kxh7 19. Bg5 Qe8 20. Bxe7 Bxe7 21. Rae1
c5 22. e6 fxe6 23. Rxe6 Nf8 24. fxg6+ Kg8 25. Qe2 Nxe6 26. Qxe6+ Kh8 27. Rf7 Nc8
28. Rh7# 1-0

[Event "Druzynowe Mistrzostwa Polski Juniorow 2019 - II Liga"]
[Site "Szczyrk"]
[Date "1899-12-30"]
[Round "3.53"]
[White "Mytnik, Kinga"]
[Black "Filipska, Maja"]
[Result "0-1"]
[WhiteTitle "I"]
[BlackTitle "I++"]
[WhiteElo "1604"]
[BlackElo "1602"]

1. d3 g6 2. e4 Bg7 3. c3 Nc6 4. Nf3 d5 5. Nbd2 dxe4 6. dxe4 Nf6 7. Bc4 O-O 8. Qc2
Ng4 9. O-O Qd6 10. b4 Nxb4 11. Qb3 Nc6 12. Ba3 Qf6 13. Rac1 Bh6 14. Qc2 Be6 15.
Rcd1 Rfd8 16. Be2 Nge5 17. Bc5 Bg4 18. h3 Bxf3 19. Nxf3 Nxf3+ 20. Bxf3 Bg7 21.
Rc1 Rd7 22. Qb2 Ne5 23. Be2 b6 24. Be3 Nd3 25. Bxd3 Rxd3 26. Bd4 Qc6 27. Qe2 Qc4
28. e5 Rxd4 29. Qf3 Rd5 30. Rcd1 Rad8 0-1

[Event "Druzynowe Mistrzostwa Polski Juniorow 2019 - II Liga"]
[Site "Szczyrk"]
[Date "1899-12-30"]
[Round "3.54"]
[White "Skolska, Emilia"]
[Black "Szewczuk, Aleksandra"]
[Result "0-1"]
[WhiteTitle "I"]
[BlackTitle "I"]
[WhiteElo "1359"]
[BlackElo "1218"]

1. e4 c6 2. d4 d5 3. exd5 cxd5 4. Bd3 Nc6 5. c3 Qc7 6. Nf3 Bg4 7. Nbd2 Nf6 8. O-O
e6 9. Re1 Bd6 10. Nf1 O-O 11. Ng3 Ne7 12. h3 Bxg3 13. fxg3 Bf5 14. Bf4 Qb6 15.
g4 Bxd3 16. Qxd3 Ne4 17. Qe2 Ng6 18. Bh2 Qd8 19. Nd2 Nxd2 20. Qxd2 Rc8 21. a4
a6 22. Qc2 Rc6 23. a5 b5 24. axb6 Qxb6 25. Qe2 a5 26. Ra4 Ra8 27. Qf2 Qb5 28.
Rea1 Rc4 29. Rxc4 Qxc4 30. h4 Qd3 31. h5 Nf8 32. Rf1 Ra7 33. g5 Qe4 34. h6 Qg6
35. hxg7 Qxg7 36. Qe3 Ng6 37. Qg3 Ra8 38. Qc7 Qf8 39. Bd6 Qe8 40. Rf6 a4 41. Qb7
Rd8 42. Bg3 Rd7 43. Qb5 Rd8 44. Qxe8+ Rxe8 45. Bd6 Rd8 46. Bb4 Rd7 47. Rf1 Kg7
48. Ra1 Ra7 49. Kf2 Nf4 50. Rd1 Kg6 51. Bd6 Kxg5 52. g3 Ng6 53. Rh1 f5 54. Kf3
Rb7 55. Bb4 h5 56. Ra1 Ra7 57. b3 axb3 58. Rxa7 b2 59. Be7+ Nxe7 60. Rb7 Ng6 61.
Rxb2 e5 62. Rb5 e4+ 63. Kf2 Ne7 64. Rb1 f4 65. gxf4+ Kxf4 66. Rh1 Kg4 67. Rg1+
Kf4 68. Rg7 Nf5 69. Rd7 e3+ 70. Ke1 Ke4 71. Rf7 Nh4 72. Ke2 Ng2 73. Rg7 Nf4+ 74.
Ke1 Kd3 0-1

[Event "Druzynowe Mistrzostwa Polski Juniorow 2019 - II Liga"]
[Site "Szczyrk"]
[Date "1899-12-30"]
[Round "3.55"]
[White "Jarzebowski, Kacper"]
[Black "Radecki, Adam"]
[Result "1/2-1/2"]
[WhiteTitle "k"]
[BlackTitle "I"]
[WhiteElo "1987"]
[BlackElo "1803"]

1. d4 Nf6 2. c4 g6 3. Nc3 d5 4. Bf4 Bg7 5. Rc1 Nh5 6. Bd2 c5 7. cxd5 cxd4 8. Nb5
Na6 9. Qb3 O-O 10. Nf3 b6 11. Nfxd4 Nc5 12. Qc4 Bb7 13. Nc3 Rc8 14. Nc6 Bxc6 15.
dxc6 Nd7 16. g3 Ne5 17. Qd5 Nxc6 18. Bg2 Nf6 19. Qxd8 Rfxd8 20. b3 Nb4 21. a3
Nbd5 22. O-O Nxc3 23. Bxc3 Bh6 24. e3 Bg7 25. Bb4 Bf8 26. Bb7 Rb8 27. Bf3 Rbc8
28. Rfd1 Rxd1+ 29. Rxd1 e6 30. Bb7 Rb8 31. Bc6 Bxb4 32. axb4 Rc8 33. b5 Kf8 34.
e4 Ke7 35. e5 Nd5 36. Bxd5 exd5 37. Rxd5 Rc3 38. f4 Rxb3 39. Kg2 Rb2+ 40. Kh3
Ke6 41. Rd6+ Ke7 42. Rd5 Ke6 43. Rd6+ Ke7 44. Rc6 Rxb5 45. Rc7+ Ke6 46. Rxa7 Rb2
47. Rb7 h5 48. Rb8 1/2-1/2

[Event "Druzynowe Mistrzostwa Polski Juniorow 2019 - II Liga"]
[Site "Szczyrk"]
[Date "1899-12-30"]
[Round "3.56"]
[White "Distel, Pawel"]
[Black "Bujalski, Mateusz"]
[Result "1/2-1/2"]
[WhiteTitle "I"]
[BlackTitle "I"]
[WhiteElo "1675"]
[BlackElo "1734"]

1. Nf3 d5 2. g3 Nf6 3. Bg2 Nbd7 4. O-O e5 5. d3 Bd6 6. Nbd2 b6 7. c4 c6 8. Rb1
Qe7 9. Nh4 g6 10. cxd5 cxd5 11. Nc4 Bc5 12. b4 Bd6 13. Nxd6+ Qxd6 14. f4 O-O 15.
e4 Ba6 16. fxe5 Nxe5 17. b5 Bb7 18. d4 Nxe4 19. Bxe4 dxe4 20. dxe5 Qc5+ 21. Kh1
Bd5 22. Bg5 Bxa2 23. Qd6 Qxd6 24. exd6 Bxb1 25. Rxb1 f6 26. Bd2 Rfd8 27. Bb4 Rac8
28. Ng2 Kf7 29. Ne3 Ke6 30. Rd1 Rd7 31. Kg2 Rcd8 32. Ra1 Rc8 33. Kf2 f5 34. h4
h6 35. Ke2 g5 36. hxg5 hxg5 37. Rh1 f4 38. gxf4 gxf4 39. Rh6+ Ke5 40. Rh5+ Ke6
41. Rh6+ Ke5 42. Ng4+ Kf5 43. Ne3+ 1/2-1/2

[Event "Druzynowe Mistrzostwa Polski Juniorow 2019 - II Liga"]
[Site "Szczyrk"]
[Date "1899-12-30"]
[Round "3.57"]
[White "Zdybel, Przemyslaw"]
[Black "Kubik, Rafal"]
[Result "1-0"]
[WhiteTitle "I"]
[BlackTitle "II+"]
[WhiteElo "1710"]
[BlackElo "1473"]

1. e4 e5 2. Nf3 Nc6 3. Bb5 Nf6 4. O-O Nxe4 5. d4 Nd6 6. Bxc6 dxc6 7. dxe5 Nf5 8.
Qe2 Bd7 9. Rd1 Qe7 10. Nc3 h6 11. Ne4 O-O-O 12. a4 g5 13. h3 Bg7 14. Bd2 Nh4 15.
Nxh4 gxh4 16. f4 f6 17. Qf2 Kb8 18. exf6 Qxe4 19. fxg7 Rhg8 20. Bc3 Qe7 21. Re1
Qf7 22. Rad1 Bf5 23. Qxh4 Rxd1 24. Rxd1 Qe8 25. Re1 Qd7 26. Qxh6 a6 27. Kh2 Ka7
28. Qf6 Bxc2 29. Re7 Qc8 30. a5 Bb3 31. Qe5 Bd5 32. f5 1-0

[Event "Druzynowe Mistrzostwa Polski Juniorow 2019 - II Liga"]
[Site "Szczyrk"]
[Date "1899-12-30"]
[Round "3.58"]
[White "Karwot, Marek"]
[Black "Jaskulski, Jan"]
[Result "1-0"]
[WhiteTitle "II"]
[BlackTitle "II+"]
[WhiteElo "1107"]
[BlackElo "1513"]

1. e4 c5 2. Nf3 Nc6 3. Bb5 d6 4. Bxc6+ bxc6 5. d3 e5 6. Be3 Nf6 7. h3 Be7 8. Nbd2
O-O 9. Nc4 Be6 10. b3 h6 11. O-O a5 12. a4 Qc7 13. Re1 Rfb8 14. Rb1 Bxc4 15. bxc4
Rb4 16. c3 Rxb1 17. Qxb1 Rb8 18. Qc2 Qb7 19. Ra1 Qb3 20. Qxb3 Rxb3 21. Bd2 Bd8
22. Kf1 Bc7 23. Ke2 d5 24. cxd5 cxd5 25. exd5 Nxd5 26. c4 Nb4 27. Ne1 f5 28. Be3
Bd6 29. Bc1 e4 30. Ra3 Rb1 31. Bd2 Rb2 32. Kd1 Rb1+ 33. Ke2 Kf7 34. dxe4 fxe4
35. Ke3 Rxe1+ 36. Bxe1 Nc2+ 37. Kxe4 Nxa3 38. Kd5 Ke7 39. Bxa5 Kd7 40. Bb6 Nb1
41. Bxc5 Nc3+ 42. Kd4 Nxa4 43. Bxd6 Kxd6 44. f4 h5 45. g4 hxg4 46. hxg4 Nc5 47.
f5 Nd7 48. g5 Ne5 49. c5+ 1-0

[Event "Druzynowe Mistrzostwa Polski Juniorow 2019 - II Liga"]
[Site "Szczyrk"]
[Date "1899-12-30"]
[Round "3.59"]
[White "Wolszczak, Natalia"]
[Black "Robakowska, Paulina"]
[Result "0-1"]
[WhiteTitle "I"]
[BlackTitle "I"]
[WhiteElo "1217"]
[BlackElo "1291"]

1. e4 c5 2. c3 e6 3. d4 cxd4 4. cxd4 Nf6 5. Nc3 Bb4 6. Bd3 Nc6 7. a3 Ba5 8. Nf3
d5 9. e5 Nd7 10. O-O O-O 11. Ng5 h6 12. Qh5 Nxd4 13. Nf3 Nxf3+ 14. gxf3 f5 15.
Bf4 Qe8 16. Qh3 g5 17. Be3 Qg6 18. f4 g4 19. Qg3 a6 20. h3 h5 21. Kh2 Kf7 22.
Rg1 Rh8 23. Ne2 b5 24. Nd4 Bb7 25. Rac1 Rac8 26. Rxc8 Rxc8 27. hxg4 hxg4 28. Kg2
Rh8 29. Kf1 Nc5 30. Bb1 Ne4 31. Bxe4 dxe4 32. Ke2 Bd5 33. Rc1 Bc4+ 34. Kd1 Rh3
35. Qg2 Qh5 36. Kc2 Bb6 37. Kb1 Bxd4 38. Bxd4 Rh2 39. Qg3 Qh3 40. Qxh3 gxh3 41.
Rg1 Rg2 42. Rh1 h2 43. Kc2 Kg6 44. Kd2 Kh5 45. Ke3 Kg4 46. Kd2 Kh3 47. Kc3 Rg1
48. Rxh2+ Kxh2 49. Kd2 Rf1 50. Kc3 Kg2 51. Kb4 Kf3 52. Be3 Rxf2 53. Bxf2 Kxf2
54. Kc3 e3 55. Kc2 e2 56. Kd2 e1=Q+ 57. Kc2 Qe2+ 58. Kc3 Qd3+ 59. Kb4 Qb3+ 60.
Ka5 b4 0-1

[Event "Druzynowe Mistrzostwa Polski Juniorow 2019 - II Liga"]
[Site "Szczyrk"]
[Date "1899-12-30"]
[Round "3.60"]
[White "Czerwinska, Oliwia"]
[Black "Czarkowska, Dalia"]
[Result "1-0"]
[WhiteTitle "I"]
[BlackTitle "II+"]
[WhiteElo "1345"]
[BlackElo "1000"]

1. e4 e5 2. Nf3 Nc6 3. Bc4 Bc5 4. Nc3 Nf6 5. d3 d6 6. h3 O-O 7. Bg5 Be6 8. Bb3
Qe7 9. O-O Qd7 10. Bxf6 gxf6 11. Kh2 Kh8 12. Nh4 Rg8 13. Qf3 Qe7 14. Nd5 Bxd5
15. Bxd5 Rg5 16. Nf5 Qf8 17. Bxc6 bxc6 18. Ne3 Qh6 19. Ng4 Qg7 20. Nxf6 Rg6 21.
Nh5 Qh6 22. Ng3 Rf6 23. Nf5 Qg5 24. Qg3 Rg8 25. Qxg5 Rxg5 26. f3 d5 27. Rae1 d4
28. g4 h5 29. h4 Rg8 30. gxh5 Bf8 31. Rg1 Bh6 32. Rxg8+ Kxg8 33. Rg1+ Kh7 34.
Kg3 Bf4+ 35. Kg2 c5 36. b3 a6 37. Kh3 Bh6 38. Kg2 Bf4 39. Kf1 Bh6 40. Ke2 Bf8
41. Rg4 Bh6 42. Nxh6 Kxh6 43. Rg5 Re6 44. Kf2 Kh7 45. Kg3 Kh6 46. Kg4 f6 47. Rg6+
Kh7 48. Kf5 Rd6 49. Rxf6 Rxf6+ 50. Kxf6 Kh6 51. Kxe5 Kxh5 52. f4 Kg6 53. Ke6 Kh5
54. f5 Kg4 55. f6 Kf3 56. f7 Ke2 57. f8=Q Kd2 58. Qf2+ Kc3 59. Kd7 a5 60. Kxc7
Kb4 61. Qd2+ Ka3 62. Qxa5+ Kb2 63. Qd2 Ka3 64. Kc6 c4 65. bxc4 Kb2 66. c3+ Ka3
67. cxd4 Ka4 68. Qb2 Ka5 69. Qb5# 1-0

[Event "Druzynowe Mistrzostwa Polski Juniorow 2019 - II Liga"]
[Site "Szczyrk"]
[Date "1899-12-30"]
[Round "3.61"]
[White "Grochol, Kamil"]
[Black "Majdanski, Maksymilian"]
[Result "1/2-1/2"]
[WhiteTitle "I"]
[BlackTitle "I"]
[WhiteElo "1714"]
[BlackElo "1767"]

1. d4 d5 2. Bf4 e6 3. e3 c6 4. c3 Bd6 5. Bg3 f5 6. Nd2 Nf6 7. Ngf3 O-O 8. Bd3 Ne4
9. Bxd6 Qxd6 10. Ne5 Nd7 11. Nxd7 Bxd7 12. Nf3 Nf6 13. Ne5 Be8 14. O-O Nd7 15.
Nxd7 Qxd7 16. f4 Qe7 17. c4 Rf6 18. c5 Rh6 19. Rf2 Kh8 20. Be2 Bf7 21. b4 Rg8
22. g3 g5 23. Rg2 Be8 24. Rb1 a6 25. a4 Rf6 26. b5 axb5 27. axb5 g4 28. b6 h5
29. Bf1 h4 30. Ra1 Bd7 31. Ra7 Rb8 32. Rga2 Rff8 33. Qa1 hxg3 34. hxg3 Qd8 35.
Rh2+ Kg7 36. Qa2 Rh8 37. Rxh8 Qxh8 38. Qa1 Kg6 39. Bg2 Kf7 40. Kf2 Ke7 41. Qa2
Kf7 42. Qa1 Ke7 43. Qb1 Kf7 44. Qa1 1/2-1/2